<?xml version="1.0" encoding="UTF-8"?><?xml-stylesheet type="text/xsl" href="static/style.xsl"?><OAI-PMH xmlns="http://www.openarchives.org/OAI/2.0/" xmlns:xsi="http://www.w3.org/2001/XMLSchema-instance" xsi:schemaLocation="http://www.openarchives.org/OAI/2.0/ http://www.openarchives.org/OAI/2.0/OAI-PMH.xsd"><responseDate>2026-04-14T08:19:48Z</responseDate><request verb="GetRecord" identifier="oai:www.recercat.cat:10230/57841" metadataPrefix="marc">https://recercat.cat/oai/request</request><GetRecord><record><header><identifier>oai:recercat.cat:10230/57841</identifier><datestamp>2025-12-17T20:23:56Z</datestamp><setSpec>com_2072_6</setSpec><setSpec>col_2072_452954</setSpec></header><metadata><record xmlns="http://www.loc.gov/MARC21/slim" xmlns:dcterms="http://purl.org/dc/terms/" xmlns:xsi="http://www.w3.org/2001/XMLSchema-instance" xmlns:doc="http://www.lyncode.com/xoai" xsi:schemaLocation="http://www.loc.gov/MARC21/slim http://www.loc.gov/standards/marcxml/schema/MARC21slim.xsd">
   <leader>00925njm 22002777a 4500</leader>
   <datafield ind2=" " ind1=" " tag="042">
      <subfield code="a">dc</subfield>
   </datafield>
   <datafield ind2=" " ind1=" " tag="720">
      <subfield code="a">Diéguez Martínez, Katia</subfield>
      <subfield code="e">author</subfield>
   </datafield>
   <datafield ind2=" " ind1=" " tag="260">
      <subfield code="c">2023-09-08T16:57:26Z</subfield>
   </datafield>
   <datafield ind2=" " ind1=" " tag="260">
      <subfield code="c">2023-09-08T16:57:26Z</subfield>
   </datafield>
   <datafield ind2=" " ind1=" " tag="260">
      <subfield code="c">2023-09-08</subfield>
   </datafield>
   <datafield ind2=" " ind1=" " tag="520">
      <subfield code="a">Tutora: Dra. Pilar Medina-Bravo&#xd;
&#xd;
Treball de fi de Màster en Estudis Internacionals sobre Mitjans, Poder i Diversitat</subfield>
   </datafield>
   <datafield ind2=" " ind1=" " tag="520">
      <subfield code="a">Informar sobre el feminicidio conlleva un alto grado de complejidad y responsabilidad al que se&#xd;
enfrenta la prensa mexicana. Entre las responsabilidades implica comprender el término que&#xd;
definió Marcela Lagarde (2006) como el olvido de las mujeres por parte del Estado y la&#xd;
violación sistemática de sus derechos humanos hasta el punto de su asesinato; para así&#xd;
reconstruir el caso con una perspectiva de género que ponga a las víctimas en el centro. Esta&#xd;
investigación hace un análisis cuantitativo de la cobertura del feminicidio de Debanhi Escobar a&#xd;
través de 259 textos periodísticos publicados por los medios digitales El Universal, Reforma y&#xd;
Aristegui Noticias del 21 de abril al 21 de mayo del 2022. Los resultados muestran una falta de&#xd;
contexto en la información, el sobreuso de fuentes oficiales y la tendencia a revictimizar a&#xd;
Debanhi sobre todo por parte de los reporteros hombres.</subfield>
   </datafield>
   <datafield tag="653" ind2=" " ind1=" ">
      <subfield code="a">Feminicidio</subfield>
   </datafield>
   <datafield tag="653" ind2=" " ind1=" ">
      <subfield code="a">Prensa digital</subfield>
   </datafield>
   <datafield tag="653" ind2=" " ind1=" ">
      <subfield code="a">México</subfield>
   </datafield>
   <datafield tag="653" ind2=" " ind1=" ">
      <subfield code="a">Análisis de contenido</subfield>
   </datafield>
   <datafield tag="653" ind2=" " ind1=" ">
      <subfield code="a">Agenda setting</subfield>
   </datafield>
   <datafield ind2="0" ind1="0" tag="245">
      <subfield code="a">La cobertura de la violencia feminicida en la prensa mexicana: el caso de Debanhi Escobar</subfield>
   </datafield>
</record></metadata></record></GetRecord></OAI-PMH>